LIBRARY & INFORMATION CENTRE, KCAET, TAVANUR

ONLINE PUBLIC ACCESS CATALOGUE (OPAC)

Development and evaluation of equipment for starch extraction from arrowroot(koova) (Record no. 15491)

MARC details
000 -LEADER
fixed length control field 00618nam a22001697a 4500
003 - CONTROL NUMBER IDENTIFIER
control field OSt
008 - FIXED-LENGTH DATA ELEMENTS--GENERAL INFORMATION
fixed length control field 180925b ||||| |||| 00| 0 eng d
082 ## - DEWEY DECIMAL CLASSIFICATION NUMBER
Classification number 631.56
Item number FAR/DE
100 ## - MAIN ENTRY--AUTHOR NAME
Personal name Faris K
-- Rinitha P
-- Safvanath P
-- Suparna Devu S
245 ## - TITLE STATEMENT
Title Development and evaluation of equipment for starch extraction from arrowroot(koova)
260 ## - PUBLICATION, DISTRIBUTION, ETC. (IMPRINT)
Name of publisher Department of food and agriculture process engineering
Year of publication 2018
300 ## - PHYSICAL DESCRIPTION
Number of Pages 56
Accompanying material CD
700 ## - ADDED ENTRY--PERSONAL NAME
Personal name Sreeja R (Guide)
700 ## - ADDED ENTRY--PERSONAL NAME
Personal name Anjineyulu Kothakotta (Guide)
856 ## - ELECTRONIC LOCATION AND ACCESS
Uniform Resource Identifier <a href="https://drive.google.com/open?id=1yD0skgkoVkjDZocAuHpEpuXvKZCia4px">https://drive.google.com/open?id=1yD0skgkoVkjDZocAuHpEpuXvKZCia4px</a>
942 ## - ADDED ENTRY ELEMENTS (KOHA)
Koha item type Project Report
Holdings
Withdrawn status Lost status Damaged status Home library Current library Date acquired Full call number Accession Number Koha item type
      KAUAET KAUAET 26/07/2018 631.56 FAR/DE P 417 Project Report
free website counter